000 00499nam a2200181Ia 4500
005 20250923144220.0
008 008 250917s9999 xx 000 0 eng d
037 _aTextual
040 _aDSWL
_beng
_cDSWL
041 _aeng
_2eng
084 _aL7:4:691, N43
_qDSWL
100 _aFosdick, H.E
_9822457
245 0 _aOnbeing areal person
_cby H.E Fosdick
260 _aNew York
_c1943
300 _a295 p.
942 _cTEXL
_hL7:4:691, N43
999 _c1436163
_d1436163